Top 10 ballon d'or 2023. - Statistiques

Statistiques générales
  • Ce quiz a été pris 799 fois
  • Le résultat moyen est 8 sur 10
Statistiques - réponses
% Joueurs Clubs % Correct
31.39 Lionel Messi PSG/ Inter Miami
100%
18.34 Kylian Mbappe PSG
98%
24.25 Erling Haaland Man City
97%
3.33 Vinicius Real
88%
6.79 Kevin De Bruyne Man City
86%
3.87 Rodri Man City
81%
1.36 Bernardo Silva Man City
68%
1.29 Luka Modric Real
65%
1.63 Victor Osimhen Napoli
62%
1.9 Julian Alvarez Man City
39%
Aucun quiz correspondant
Distribution des résultats
% des personnes avec chaque résultat
Percentile par nombre de réponses
Votre historique - résultats
Vous n’avez pas pris ce quiz